| Tag |
First Indicator |
Second Indicator |
Subfields |
| LEADER |
00000cam a2200000Ii 4500 |
| 001 |
in00004023939 |
| 005 |
20181022123917.0 |
| 006 |
m o d f |
| 007 |
cr ||||||||||| |
| 008 |
180518e201801 dcua obt f000 0 eng d |
| 035 |
|
|
|a (OCoLC)on1035947715
|
| 040 |
|
|
|a GPO
|b eng
|e rda
|e pn
|c GPO
|d GPO
|d MvI
|
| 043 |
|
|
|a n-us---
|
| 049 |
|
|
|a WWW
|
| 074 |
|
|
|a 1051-H-48 (online)
|
| 086 |
0 |
|
|a Y 3.N 88:10/2218
|
| 088 |
|
|
|a NUREG-2218
|
| 100 |
1 |
|
|a Hamburger, Kenneth,
|e author.
|
| 245 |
1 |
3 |
|a An international phenomena identification and ranking table (PIRT) expert elicitation exercise for high energy arcing faults (HEAFS) /
|c prepared by K. Hamburger.
|
| 264 |
|
1 |
|a Washington, DC :
|b United States Nuclear Regulatory Commission, Office of Nuclear Regulatory Research,
|c January 2018.
|
| 300 |
|
|
|a 1 online resource (various pagings) :
|b color illustrations
|
| 336 |
|
|
|a text
|b txt
|2 rdacontent
|
| 337 |
|
|
|a computer
|b c
|2 rdamedia
|
| 338 |
|
|
|a online resource
|b cr
|2 rdacarrier
|
| 500 |
|
|
|a "NUREG-2218."
|
| 500 |
|
|
|a "Kenneth Hamburger, NRC Project Manager."
|
| 500 |
|
|
|a "Performing organization: Division of Risk Assessment, Office of Nuclear Regulatory Research, U.S. Nuclear Regulatory Commission; Sponsoring organization: same as above"--Bibliographic data sheet.
|
| 500 |
|
|
|a "Manuscript Completed: May 2017, Date published: January 2018."
|
| 504 |
|
|
|a Includes bibliographical references.
|
| 513 |
|
|
|a Technical.
|
| 588 |
|
|
|a Description based on online resource, PDF version; title from title page (NRC, viewed May 10, 2018).
|
| 650 |
|
0 |
|a Electric arc
|x Measurement.
|
| 650 |
|
0 |
|a Electric fault location.
|
| 650 |
|
0 |
|a Electric power distribution
|x High tension.
|
| 650 |
|
0 |
|a Nuclear power plants.
|
| 650 |
|
0 |
|a Nuclear engineering.
|
| 710 |
2 |
|
|a U.S. Nuclear Regulatory Commission.
|b Division of Risk Assessment,
|e issuing body.
|
| 776 |
0 |
8 |
|i Print version:
|a Hamburger, Kenneth.
|t International phenomena identification and ranking table (PIRT) expert elicitation exercise for high energy arcing faults (HEAFS)
|w (OCoLC)1035947763
|
| 856 |
4 |
0 |
|u https://purl.fdlp.gov/GPO/gpo91903
|t 0
|
| 999 |
f |
f |
|s ed9c46f6-b45e-3895-bc53-185b1eb2109d
|i d9fd9f11-e620-3496-9f7d-bf3f4745688f
|t 0
|
| 952 |
f |
f |
|a Texas A&M University
|b College Station
|c Electronic Resources
|d Available Online
|t 0
|e Y 3.N 88:10/2218
|h Superintendent of Documents classification
|
| 998 |
f |
f |
|a Y 3.N 88:10/2218
|t 0
|l Available Online
|